| 000 | 00892cam a22003011i 4500 | ||
|---|---|---|---|
| 001 | 35265 | ||
| 003 | BD-RjUL | ||
| 005 | 20211209052304.0 | ||
| 008 | 140522s1970 ii b 001 0 eng d | ||
| 035 | _a(OCoLC)199464 | ||
| 035 | _a(OCoLC)ocm00199464 | ||
| 035 | _a(BD-RjUL)35359 | ||
| 035 | _a(NNC)2457955 | ||
| 040 |
_aBD-RjUL _beng _cBD-RjUL _dBD-RjUL |
||
| 041 | _aeng | ||
| 082 |
_a331.110954 _bAGM 1970 |
||
| 090 |
_aHD5819 _b.A64 |
||
| 100 | 1 |
_aAgarwal, Satya Prakash _d1924- _98791 |
|
| 245 | 1 | 0 |
_aManpower demand : _bconcepts and methodology / _c[by] S. P. Agarwal. |
| 260 |
_aMeerut : _bMeenakshi Prakashan, _c1970. |
||
| 300 |
_axvii, 368 p. ; _c22 cm. |
||
| 504 | _aIncludes index and Bibliography: p. [360]-364. | ||
| 650 | 0 |
_aLabor supply _zIndia. _98676 |
|
| 650 | 0 |
_aManpower _zIndia. _9107443 |
|
| 942 |
_2ddc _cBK |
||
| 999 |
_c35265 _d35265 |
||